Central Library OPAC University of Rajshahi

নতুন মানব সমাজ / (Record no. 29545)

MARC details
000 -LEADER
fixed length control field 01152nam a2200253 a 4500
001 - CONTROL NUMBER
control field 29545
003 - CONTROL NUMBER IDENTIFIER
rucl marc code BD-RjUL
005 - DATE AND TIME OF LATEST TRANSACTION
control field 20211209051427.0
008 - FIXED-LENGTH DATA ELEMENTS--GENERAL INFORMATION
fixed length control field 140403s1968 bg b 001 0 bendd
020 ## - INTERNATIONAL STANDARD BOOK NUMBER
Terms of availability : Tk. 5.50
035 ## - SYSTEM CONTROL NUMBER
System control number (BD-RjUL)29630
040 ## - CATALOGING SOURCE
Original cataloging agency BD-RjUL
Transcribing agency BD-RjUL
Modifying agency BD-RjUL
Language of cataloging ben
041 1# - LANGUAGE CODE
Language code of text/sound track or separate title ben
082 00 - DEWEY DECIMAL CLASSIFICATION NUMBER
Classification number 301
Author mark and year SAN 1968
100 1# - MAIN ENTRY--PERSONAL NAME
Personal name সাংকৃত্যায়ন, রাহুল
9 (RLIN) 134947
245 10 - TITLE STATEMENT
Title নতুন মানব সমাজ /
Statement of responsibility, etc. রাহুল সাংকৃত্যায়ন ; অনুবাদ, রাহুল জীবনী ও গ্রন্থপঞ্জী: শম্ভুনাথ দাস
260 ## - PUBLICATION, DISTRIBUTION, ETC. (IMPRINT)
Place of publication, distribution, etc. ঢাকা:
Name of publisher, distributor, etc. রীতা হালদার,
Date of publication, distribution, etc. [১৯৬৮]
300 ## - PHYSICAL DESCRIPTION
Pagination [৪], ১৩১ পৃ. ;
Size ২১ সেমি.
504 ## - BIBLIOGRAPHY, ETC. NOTE
Bibliography, etc গ্রন্থপঞ্জী সংযুক্ত
650 ## - SUBJECT ADDED ENTRY--TOPICAL TERM
Topical term or geographic name as entry element সমাজবিজ্ঞান
9 (RLIN) 222317
Topical term or geographic name as entry element Sociology
9 (RLIN) 222318
700 ## - ADDED ENTRY--PERSONAL NAME
Personal name দাস, শম্ভুনাথ, অনুবাদক রাহুল জীবনী ও গ্রন্থপঞ্জীকার
942 ## - ADDED ENTRY ELEMENTS (KOHA)
Source of classification or shelving scheme Dewey Decimal Classification
Koha item type Rare Books
Holdings
Lost status Source of classification or shelving scheme Damaged status Not for loan Collection code Permanent Location Current Location Shelving location Date acquired Total Checkouts Full call number Date last seen Copy number Koha item type
  Dewey Decimal Classification   Not For Loan Rare Books Central Library, University of Rajshahi Central Library, University of Rajshahi Rare Book Section 03/09/2018   BRA 301 SAN 1968 03/09/2018 C-1 Rare Books